| 000 | 01259nam0a2200313 4500 | ||
|---|---|---|---|
| 001 | RU\NLR\bibl\35759 | ||
| 005 | 20250615024126.0 | ||
| 010 |
_a5-901072-05-7 _93000 |
||
| 021 |
_aRU _b99-17982 _9871 |
||
| 035 | _a(NLR Aleph) 000034854 | ||
| 090 |
_a177814 _c177814 |
||
| 100 | _a19990630d1999 |||y0rusy50 ca | ||
| 101 | 0 | _arus | |
| 102 | _aRU | ||
| 105 | _aa ||||||||| | ||
| 200 | 1 |
_aРусская смута _e[О расколе и войне интеллигенции в соврем. России] _fАлександр Кротов _g[Предисл. Анатолия Иванова] |
|
| 210 |
_aМ. _cБ-ка журн. "Молодая гвардия" _d1999 |
||
| 215 |
_a[1], 446 с. _cпортр. _d20 |
||
| 225 | 1 | _aСерия "Русские мастера современной прозы конца ХХ века" | |
| 320 | _aДр. произведения авт. в предисл. | ||
| 606 | 0 |
_aИнтеллигенция _yРоссийская Федерация _92085056 _3RU\NLR\auth\661261160 |
|
| 686 | _aТ3(2)74-293 | ||
| 700 | 1 |
_aКротов _bА. _gАлександр _4070 |
|
| 801 | 0 |
_aRU _bNLR _c19990630 _gPSBO |
|
| 801 | 1 |
_aRU _bNLR _c19990630 |
|
| 852 |
_aNLR _j99-3/6378 |
||
| 942 | _cBOOK | ||
| 980 | _aNB | ||